| 000 | 00355nam a2200133Ia 4500 | ||
|---|---|---|---|
| 008 | 240624s9999 xx 000 0 und d | ||
| 041 | _aeng | ||
| 082 | _a331 BLY | ||
| 100 | _aBLYTON PAUL | ||
| 245 | _aDYNAMICS OF EMPLOYEE RELATIONS MANAGEMEN | ||
| 260 |
_c1998 _aLondon _bMacmillan Business |
||
| 300 | _axviii, : 404 : p. : cm. ; 23 | ||
| 365 |
_cBPS _b30 |
||
| 999 |
_c13606 _d13606 |
||